MARC details
| 000 -LÍDER |
| campo de controle de tamanho fixo |
04528nam a22003257a 4500 |
| 001 - NÚMERO DE CONTROLE |
| campo de controle |
335 |
| 003 - IDENTIFICADOR DO NÚMERO DE CONTROLE |
| campo de controle |
OSt |
| 005 - DATA E HORÁRIO DA ÚLTIMA TRANSAÇÃO |
| campo de controle |
20250528074018.0 |
| 008 - CAMPO DE DADOS FIXOS--INFORMAÇÃO GERAL |
| campo de controle de tamanho fixo |
250328b |||||||e |||| 00| f eng d |
| 040 ## - FONTE DA CATALOGAÇÃO |
| Idioma da catalogação |
por |
| 041 ## - CÓDIGO DE IDIOMA |
| Código do idioma do original e/ou traduções intermediárias do texto |
eng |
| Código do idioma do texto/trilha sonora ou título diferente |
por |
| 082 ## - CDD - CLASSIFICAÇÃO DECIMAL DE DEWEY |
| Número de Classificação |
813 |
| Número do exemplar |
L676 |
| 100 1# - ENTRADA PRINCIPAL--NOME PESSOAL |
| Nome pessoal |
Lewis, Sinclair, |
| Datas associadas ao nome |
1885-1951 |
| 9 (RLIN) |
693 |
| 240 ## - TÍTULO UNIFORME |
| Título uniforme |
Babbitt |
| 245 ## - TÍTULO |
| Título |
Babbitt / |
| Indicação de responsabilidade, etc. |
Lewis, Sinclair ; Tradução de Leonel Vallandro |
| 260 ## - PUBLICAÇÃO, DISTRIBUIÇÃO, ETC. |
| Local de publicação, distribuição, etc. |
São Paulo |
| Nome do editor, distribuidor, etc. |
Abril |
| Data da publicação, distribuição, etc. |
1972 |
| 300 ## - DESCRIÇÃO FÍSICA |
| Extensão |
441 p. |
| 490 1# - TÍTULO DA SÉRIE |
| Título da série |
Os Imortais da Literatura Universal |
| 520 ## - NOTA DE RESUMO, ETC. |
| Resumo, etc. |
Uma sátira sobre a América dos anos 20, durante a Lei Seca que o conservadorismo apoiava mas não praticava. Um homem de negócios e de família, numa cidade comercial, Zenith, vive infeliz em que a única coisa que interessa são as aparências. Tenta mudar, dizer o que pensa, mas apercebe-se que as idéias liberais só lhe trazem dissabores e por isso retorna à vida conservadora e fútil de outrora. Sinclair Lewis, Nobel da Literatura em 1930, descreve com ironia a prosperidade daqueles que vivem num mundo de mentira e de aparências, que lutam contra as ideias liberais, socialistas e de justiça social. |...| George Babbitt é uma emblemática figura, pois é a evidência de um modo de vida que dominou a opinião pública norte-americana dos anos 20 cujos ecos reverberam ainda hoje como verdadeiros pilares do capitalismo: os empresários e business men. A ação deles sobre a realidade é vista pela sociedade norte-americana como algo heróico, louvável, que deve ser divulgado e comemorado a todo o momento para espantar o “fantasma comunista” que passara a figurar na pauta de preocupações desse grupo desde 1917.<br/><br/>A passagem do século XIX para o XX desenvolveu o ambiente urbano norte-americano, gerando as cidades grandes e transformando as relações capitalistas, levando-as a outro nível. Esse processo acelerou-se com a posição privilegiada que os Estados Unidos passaram a ocupar depois da Primeira Guerra Mundial, tornando-se credores do mundo. A euforia dos negócios e da prosperidade econômica contaminou a sociedade americana criando sociedades civis de estímulo ao crescimento econômico, ao comércio, a indústria etc. Babbitt se insere justamente nesse contexto.<br/><br/>O american way of life, “fenômeno” que começava a se desenvolver nesse período (e que se consolidaria mais efetivamente pós-crise de 29 e pós-Segunda Guerra Mundial), apresentava contradições e elevava ao patamar de gurus e guias esses empresários que investiam e representavam a ganância e o empreendedorismo capitalistas. Dessa elevação criavam-se modelos de conduta, comportamentos e pressupostos ideológicos no mínimo questionáveis.<br/><br/>Um exemplo disso, que Lewis consegue captar com uma sensibilidade de admirável sutileza é o pensamento desse grupo acerca da formação intelectual e acadêmica dos jovens. O filho de Babbitt, Ted, vê como perda de tempo o estudo de arte, literatura e outros estudos de cultura porque não tem aplicação prática na carreira empreendedora que assoma em seu futuro, ao passo que é apoiado pelo pai, que, por sua vez, encontra eco desse posicionamento nos grupos nos quais participa. Os grupos de empresários dos quais Babbitt participa (verdadeiras confrarias para vangloriarem-se), como os Boosters, por exemplo, apresentam contradições que Sinclair Lewis explora, às vezes muito timidamente. Uma delas é o fato de terem-se como arautos do progresso e do desenvolvimento ao mesmo tempo em que sustentam uma mentalidade arcaica, que instrumentaliza a realidade em seus mais diversos aspectos para servir seus projetos individuais como se eles representassem os anseios da sociedade de forma geral.<br/><br/>A mentalidade arcaica chocando-se com os pressupostos capitalistas encontra no romance um lugar privilegiado, porque consegue descortinar ao leitor a forma como a sociedade se organizava, sob quais preceitos e como esse jogo de especulação era praticado. Vale lembrar que essa especulação culminará na famosa crise de superprodução cujo marco é o crack da Bolsa de Nova York: a Crise de 29.<br/> |
| 650 #0 - ASSUNTO--TERMO TÓPICO |
| Cabeçalho tópico ou nome geográfico |
Literatura Americana |
| 9 (RLIN) |
84 |
| 650 #0 - ASSUNTO--TERMO TÓPICO |
| Cabeçalho tópico ou nome geográfico |
Crise social |
| 9 (RLIN) |
651 |
| 650 #0 - ASSUNTO--TERMO TÓPICO |
| Cabeçalho tópico ou nome geográfico |
Ideologia nos Estados Unidos pós 1° Guerra |
| 9 (RLIN) |
697 |
| 650 #0 - ASSUNTO--TERMO TÓPICO |
| Cabeçalho tópico ou nome geográfico |
Crítica ao capitalismo |
| 9 (RLIN) |
696 |
| 650 #0 - ASSUNTO--TERMO TÓPICO |
| Cabeçalho tópico ou nome geográfico |
Clássicos |
| 9 (RLIN) |
77 |
| 655 #0 - TERMO DE ÍNDICE--GÊNERO E FORMA |
| Gênero/forma/ou termo foco |
Romance |
| 655 #0 - TERMO DE ÍNDICE--GÊNERO E FORMA |
| Gênero/forma/ou termo foco |
Ficção |
| 700 ## - ENTRADA ADICIONADA - NOME PESSOAL |
| Nome pessoal |
Vallandro, Leonel. |
| Datas associadas ao nome |
1907- 1989 |
| Função do autor por extenso |
TRADUTOR |
| 9 (RLIN) |
669 |
| 830 ## - ENTRADA SECUNDÁRIA DE SÉRIE--TÍTULO UNIFORME |
| Título uniforme |
Os Imortais da Literatura Universal |
| 9 (RLIN) |
461 |
| Número do volume ou designação sequencial da série |
vol. 44 |
| 942 ## - ELEMENTOS DE ENTRADA ADICIONADOS (KOHA) |
| Fonte de classificação ou esquema de arquivamento |
Classificação decimal de Dewey |
| Ocultar no OPAC |
Não |
| Tipo de material Koha |
Livros |